Southville International School and Colleges
Your cart is empty.
  • Cart
  • Lists
    Public lists Eva Luna New books Lux_list list_1
    Your lists Log in to create your own lists
  • Log in to your account
  • Your cookies
  • Search history
Southville International School and Colleges
  • Advanced search
  • Recent comments
  • Most popular
  • Libraries

Log in to your account

Log in with GOOGLE


If you do not have an external account, but do have a local account, you can still log in:

  1. Home
  2. MARC view: The Creative writing workbook /
Normal view MARC view ISBD view

The Creative writing workbook / (Record no. 19415)

[ view plain ]
MARC details
000 -LEADER
fixed length control field 00514nam a2200181 a 4500
005 - DATE AND TIME OF LATEST TRANSACTION
control field 20140310183141.0
008 - FIXED-LENGTH DATA ELEMENTS--GENERAL INFORMATION
fixed length control field 020718s19uu xx 00 eng d
020 ## - INTERNATIONAL STANDARD BOOK NUMBER
International Standard Book Number 0-333-79216-5
050 ## - LIBRARY OF CONGRESS CALL NUMBER
Classification number PN 187
Item number .Si617 2001
100 ## - MAIN ENTRY--PERSONAL NAME
Personal name Singelton, John
245 ## - TITLE STATEMENT
Title The Creative writing workbook /
Statement of responsibility, etc John Singleton.
260 ## - PUBLICATION, DISTRIBUTION, ETC. (IMPRINT)
Place of publication, distribution, etc Hampshire :
Name of publisher, distributor, etc PALGRAVE,
Date of publication, distribution, etc c2001.
300 ## - PHYSICAL DESCRIPTION
Extent 261 p. :
Dimensions 23 cm.
500 ## - GENERAL NOTE
General note Includes bibliographical references
521 ## - TARGET AUDIENCE NOTE
Target audience note
650 ## - SUBJECT ADDED ENTRY--TOPICAL TERM
Topical term or geographic name as entry element Creative writing.
942 ## - ADDED ENTRY ELEMENTS (KOHA)
Koha item type Books
Source of classification or shelving scheme Library of Congress Classification
Call number prefix Foreign
Holdings
Withdrawn status Lost status Source of classification or shelving scheme Damaged status Home library Current library Shelving location Date acquired Total Checkouts Total Renewals Full call number Barcode Date last seen Date checked out Copy number Price effective from Koha item type
    Library of Congress Classification   College Library College Library General Circulation Section   4 6 PN 187 .Si617 2001 C0307 11/18/2019 08/27/2019 1   Books

The Creative writing workbook /

APA

Singelton J., . (2001). The Creative writing workbook. Hampshire: PALGRAVE.

Chicago

Singelton John, . 2001. The Creative writing workbook. Hampshire: PALGRAVE.

Harvard

Singelton J., . (2001). The Creative writing workbook. Hampshire: PALGRAVE.

MLA

Singelton John, . The Creative writing workbook. Hampshire: PALGRAVE. 2001.

  • Place hold
  • Print
  • Cite
  • Add to your cart (remove)
  • Save record
    BIBTEX Dublin Core MARCXML MARC (non-Unicode/MARC-8) MARC (Unicode/UTF-8) MARC (Unicode/UTF-8, Standard) MODS (XML) RIS
  • More searches
    Search for this title in:
    Other Libraries (WorldCat) Other Databases (Google Scholar) Online Stores (Bookfinder.com) Open Library (openlibrary.org)

Exporting to Dublin Core...

SOUTHVILLE LIBRARY

Southville International School and Colleges Library

1281 Tropical Ave. Cor. Luxembourg St., BF Homes International, Las Pinas City

Tel. No. 8256374 / 252358 Loc. 117/146

Powered by Koha